000 00293nam a2200121Ia 4500
008 190216s9999||||xx |||||||||||||| ||und||
100 _aPeter Linz
245 0 _aFormal Languages And Automations
260 _bNarosha Publishing
_c2011
300 _a2011
650 _aMathematics
942 _cBK
999 _c32330
_d32330